| 000 | 00434nam a2200157Ia 4500 | ||
|---|---|---|---|
| 008 | 230312s9999||||xx |||||||||||||| ||und|| | ||
| 020 | _a0-7216-9378-4 | ||
| 082 |
_a615.82 _bCAM-P |
||
| 100 | _aCameron;Michelle.H | ||
| 245 | 0 | _aPhysical Agents in Rehabilitation:From Research to Practice | |
| 260 |
_bSaunders _aUSA _c3 |
||
| 300 | _a491 | ||
| 546 | _aEng | ||
| 650 |
_aPhysiotherapy _vPhysical Agents in Rehabilitation |
||
| 942 | _cBK | ||
| 999 |
_c9048 _d9048 |
||